[Event "POL-ch Universities"]
[Site "Lublin"]
[Date "2024.02.24"]
[Round "7"]
[White "Brzezinski, Mateusz"]
[Black "Kukula, Karol"]
[Result "1-0"]
[WhiteElo "2176"]
[BlackElo "2011"]
[PlyCount "72"]
[EventDate "2024.02.23"]
[EventType "swiss"]
[EventRounds "9"]
[EventCountry "POL"]
[SourceTitle "CB10_2024"]
[SourceDate "2024.03.06"]
[SourceVersion "1"]
[SourceVersionDate "2024.03.06"]
[SourceQuality "1"]

1. d4 Nf6 2. Nf3 e6 3. Bf4 b6 4. e3 Bb7 5. h3 g6 6. Nbd2 Bg7 7. Bd3 d6 8. 0-0 Nbd7 9. Bh2 0-0 10. c4 Qe7 11. Rc1 e5 12. Bb1 Rfe8 13. b4 a5 14. a3 axb4 15. axb4 exd4 16. exd4 Qd8 17. Qb3 Ne4 18. d5 Nxd2 19. Nxd2 Nf6 20. Bf4 b5 21. Bd3 bxc4 22. Bxc4 Ne4 23. Nf3 Nf6 24. Be3 Ne4 25. Bb5 Re7 26. Rfd1 Nf6 27. Bc4 Nd7 28. Nd4 Ne5 29. Bf1 Re8 30. Nc6 Bxc6 31. dxc6 Qb8 32. f4 Nxc6 33. Rxc6 Re4 34. Rc4 Qe8 35. Bf2 Rb8 36. b5 Rxc4 1-0

[Event "POL-chT 2nd League"]
[Site "Jastrzebia Gora"]
[Date "2023.09.10"]
[Round "9.51"]
[White "Bielczyk, Jacek"]
[Black "Kukula, Karol"]
[Result "1/2-1/2"]
[WhiteElo "2238"]
[BlackElo "1978"]
[PlyCount "34"]
[EventDate "2023.09.02"]
[EventType "team-swiss"]
[EventRounds "9"]
[EventCountry "POL"]
[SourceTitle "EXT 2024"]
[Source "ChessBase"]
[SourceDate "2023.10.10"]
[SourceVersion "1"]
[SourceVersionDate "2023.10.10"]
[SourceQuality "1"]
[WhiteTeam "Chrzanow Olimpijczyk"]
[BlackTeam "Gliwice Politechnika Slaska"]
[WhiteTeamCountry "POL"]
[BlackTeamCountry "POL"]

1. e4 c5 2. Nf3 e6 3. d4 cxd4 4. Nxd4 Nf6 5. Nc3 Nc6 6. g3 Bb4 7. Bg2 0-0 8. 0-0 d5 9. exd5 exd5 10. h3 Bxc3 11. bxc3 h6 12. Re1 Re8 13. Rxe8+ Qxe8 14. Nb5 Qe7 15. Ba3 Qd8 16. c4 Be6 17. cxd5 Bxd5 1/2-1/2

[Event "POL-chT 2nd League"]
[Site "Jastrzebia Gora"]
[Date "2023.09.05"]
[Round "4.118"]
[White "Wozniak, Grzegorz1111"]
[Black "Kukula, Karol"]
[Result "0-1"]
[WhiteElo "1638"]
[BlackElo "1978"]
[PlyCount "64"]
[EventDate "2023.09.02"]
[EventType "team-swiss"]
[EventRounds "9"]
[EventCountry "POL"]
[SourceTitle "EXT 2024"]
[Source "ChessBase"]
[SourceDate "2023.10.10"]
[SourceVersion "1"]
[SourceVersionDate "2023.10.10"]
[SourceQuality "1"]
[WhiteTeam "Rzeszow RzKSz"]
[BlackTeam "Gliwice Politechnika Slaska"]
[WhiteTeamCountry "POL"]
[BlackTeamCountry "POL"]

1. Nf3 Nf6 2. d4 e6 3. e3 b6 4. Bd3 Bb7 5. Nbd2 d5 6. 0-0 Be7 7. c3 0-0 8. Qe2 Ne4 9. Re1 Nd7 10. Bc2 f5 11. Nxe4 fxe4 12. Nd2 Bd6 13. f4 Rc8 14. Nf1 c5 15. Bb3 Kh8 16. Bd2 Qe7 17. Rac1 Nb8 18. Ba4 Rf6 19. h3 Rg8 20. Nh2 Ba6 21. Bb5 Bxb5 22. Qxb5 c4 23. Ng4 Rg6 24. Ne5 Bxe5 25. fxe5 Qh4 26. Rf1 Qxh3 27. Rf2 h6 28. Qa4 Kh7 29. Qd1 Rf8 30. Qe2 Rf3 31. Rcf1 Rfg3 32. Be1 R3g4 0-1

[Event "POL-ch Universities"]
[Site "Bydgoszcz"]
[Date "2023.03.11"]
[Round "7"]
[White "Golecki, Jan"]
[Black "Kukula, Karol"]
[Result "0-1"]
[WhiteElo "2169"]
[BlackElo "1922"]
[PlyCount "172"]
[EventDate "2023.03.10"]
[EventType "swiss"]
[EventRounds "9"]
[EventCountry "POL"]
[SourceTitle "CBM 213 Extra"]
[Source "ChessBase"]
[SourceDate "2023.05.31"]
[SourceVersion "1"]
[SourceVersionDate "2023.05.31"]
[SourceQuality "1"]

1. d4 Nf6 2. c4 e6 3. Nf3 Bb4+ 4. Bd2 Qe7 5. Nc3 b6 6. Qc2 Bb7 7. e3 Bxc3 8. Bxc3 Ne4 9. Bd3 f5 10. b3 d6 11. Bb2 Nd7 12. Rg1 Ndf6 13. 0-0-0 0-0-0 14. Ne1 Ng4 15. Bxe4 Bxe4 16. Qd2 Bb7 17. f3 Nf6 18. Nd3 Rhe8 19. Qb4 a5 20. Qd2 e5 21. d5 Nd7 22. e4 fxe4 23. fxe4 Rf8 24. Kc2 Rf7 25. Bc1 Rdf8 26. Qe2 Kb8 27. Rdf1 Rxf1 28. Rxf1 Rxf1 29. Qxf1 Qf6 30. Qe2 Nf8 31. Be3 Ng6 32. g3 Bc8 33. a3 Ne7 34. b4 axb4 35. axb4 Qg6 36. Bg1 Bg4 37. Qe3 Ng8 38. c5 Nf6 39. Nf2 Nxd5 40. Qd2 Nf6 41. Qe3 d5 42. cxb6 Nxe4 43. bxc7+ Kxc7 44. Kb2 Nxf2 45. Qc5+ Kd7 46. Bxf2 Qd6 47. Qa7+ Ke6 48. Bc5 Qd7 49. Qa6+ Kf5 50. Qf1+ Ke6 51. h3 Bf5 52. g4 Bg6 53. h4 d4 54. h5 Be4 55. Qf8 Kd5 56. Qg8+ Kc6 57. Qa8+ Qb7 58. Qe8+ Qd7 59. Qxe5 Qd5 60. Qe8+ Kb7 61. Qe7+ Kc6 62. Qe8+ Kb7 63. Qb5+ Kc8 64. Qa6+ Qb7 65. Qe6+ Kb8 66. Qg8+ Kc7 67. Qxg7+ Kc6 68. Qxd4 Bd5 69. Qf6+ Kb5 70. Qf1+ Kc6 71. Kc3 Qg7+ 72. Bd4 Qxg4 73. Qa6+ Kd7 74. Qa7+ Ke6 75. Qxh7 Qf3+ 76. Qd3 Qxh5 77. b5 Qf3 78. Be3 Qe4 79. Qe2 Bb7 80. b6 Qe5+ 81. Kd2 Qd5+ 82. Ke1 Qh1+ 83. Kd2 Qd5+ 84. Kc2 Qa2+ 85. Kd3 Ba6+ 86. Kd4 Qxe2 0-1

[Event "Katowice POL-HUN rapid 8th"]
[Site "Katowice"]
[Date "2020.09.13"]
[Round "2.1"]
[White "Kukula, Karol"]
[Black "Socko, Bartosz"]
[Result "0-1"]
[WhiteElo "1739"]
[BlackElo "2601"]
[PlyCount "78"]
[EventDate "2020.09.13"]
[EventType "swiss (rapid)"]
[EventRounds "9"]
[EventCountry "POL"]
[SourceTitle "CBM 198 Extra"]
[Source "ChessBase"]
[SourceDate "2020.11.30"]
[SourceVersion "1"]
[SourceVersionDate "2020.11.30"]
[SourceQuality "1"]

1. e4 c6 2. d4 d5 3. exd5 cxd5 4. c4 Nf6 5. Nc3 e6 6. Nf3 Bb4 7. Be2 dxc4 8. Bxc4 0-0 9. 0-0 b6 10. Bg5 Bb7 11. Rc1 Nc6 12. Ne4 Be7 13. Nxf6+ Bxf6 14. Bxf6 Qxf6 15. Qd2 Rfd8 16. Rfd1 Nxd4 17. Nxd4 e5 18. Bb3 Rxd4 19. Qe2 Rxd1+ 20. Rxd1 Bc6 21. f3 h6 22. Bd5 Re8 23. Bxc6 Qxc6 24. Qd3 e4 25. fxe4 Rxe4 26. h3 Qc5+ 27. Kh1 Qe5 28. Qd8+ Kh7 29. Qd3 f5 30. Rf1 a5 31. b3 b5 32. Qd7 Re1 33. Rxe1 Qxe1+ 34. Kh2 Qe5+ 35. Kg1 b4 36. Qd3 Kg6 37. Qc2 Qe3+ 38. Kf1 Kg5 39. Qc7 Qf4+ 0-1

[Event "POL-chT U20 2nd League"]
[Site "Szczyrk"]
[Date "2017.07.30"]
[Round "11.19"]
[White "Golenia, Jan"]
[Black "Kukula, Karol"]
[Result "1-0"]
[WhiteElo "1968"]
[BlackElo "1769"]
[PlyCount "103"]
[EventDate "2017.07.22"]
[EventType "team-swiss"]
[EventRounds "11"]
[EventCountry "POL"]
[SourceTitle "EXT 2019"]
[Source "ChessBase"]
[SourceDate "2018.10.10"]
[SourceVersion "1"]
[SourceVersionDate "2018.10.10"]
[SourceQuality "1"]

1. d4 Nf6 2. c4 e6 3. g3 c5 4. d5 exd5 5. cxd5 d6 6. Nc3 Be7 7. Bg2 0-0 8. Nf3 Bg4 9. h3 Bxf3 10. Bxf3 Nbd7 11. 0-0 a6 12. a4 Qc7 13. Bf4 Rfe8 14. e4 Nf8 15. g4 Ng6 16. Bg3 Nd7 17. Qc2 Bf6 18. Be2 Bd4 19. Kh2 Nf6 20. f3 Re7 21. Rfd1 Rae8 22. Bf1 h5 23. Kg2 Qd7 24. g5 Nh7 25. h4 Be5 26. Ne2 Bxg3 27. Kxg3 Qd8 28. Nc3 f6 29. Bh3 fxg5 30. hxg5 Nxg5 31. Bf5 Nf8 32. Qd2 Rf7 33. Rg1 Qf6 34. f4 Ngh7 35. Kf3 Kh8 36. Rg2 g6 37. Rag1 Ree7 38. Bxg6 Rg7 39. Bxh5 Rxg2 40. Qxg2 Rg7 41. Qxg7+ Qxg7 42. Rxg7 Kxg7 43. Bg4 b6 44. Bc8 Kf6 45. Bxa6 Ng6 46. Bc8 Nh4+ 47. Kg3 Ng6 48. Bf5 Nhf8 49. Nb5 Ke7 50. Na3 Kd8 51. Nc4 Kc7 52. e5 1-0

[Event "POL-chT U20 2nd League"]
[Site "Szczyrk"]
[Date "2017.07.26"]
[Round "7.1"]
[White "Kokoszczynski, Jan"]
[Black "Kukula, Karol"]
[Result "1/2-1/2"]
[WhiteElo "2130"]
[BlackElo "1769"]
[PlyCount "67"]
[EventDate "2017.07.22"]
[EventType "team-swiss"]
[EventRounds "11"]
[EventCountry "POL"]
[SourceTitle "EXT 2019"]
[Source "ChessBase"]
[SourceDate "2018.10.10"]
[SourceVersion "1"]
[SourceVersionDate "2018.10.10"]
[SourceQuality "1"]

1. e4 c5 2. Nf3 e6 3. d4 cxd4 4. Nxd4 Nf6 5. Nc3 Nc6 6. Ndb5 Bb4 7. a3 Bxc3+ 8. Nxc3 d5 9. exd5 Nxd5 10. Nxd5 exd5 11. Bd3 Qe7+ 12. Qe2 Qxe2+ 13. Bxe2 Bf5 14. c3 d4 15. cxd4 Nxd4 16. Bd1 Nc2+ 17. Bxc2 Bxc2 18. 0-0 0-0 19. Be3 a6 20. Rac1 Rac8 21. Rfe1 Bf5 22. f3 Be6 23. Kf2 h6 24. Bb6 Rfe8 25. b4 Bd5 26. Rxe8+ Rxe8 27. a4 Bc6 28. a5 f6 29. Rd1 Kf7 30. Rd2 Re7 31. Bc5 Rd7 32. Rxd7+ Bxd7 33. Ke3 Bc6 34. Kd4 1/2-1/2

[Event "Lazy op 13th"]
[Site "Lazy"]
[Date "2017.07.04"]
[Round "9"]
[White "Kukula, Karol"]
[Black "Grzesik, Gracjan"]
[Result "0-1"]
[WhiteElo "1769"]
[BlackElo "1729"]
[PlyCount "120"]
[EventDate "2017.06.25"]
[EventType "swiss"]
[EventRounds "9"]
[EventCountry "POL"]
[SourceTitle "EXT 2018"]
[Source "ChessBase"]
[SourceDate "2017.10.13"]
[SourceVersion "1"]
[SourceVersionDate "2017.10.13"]
[SourceQuality "1"]

1. e4 c5 2. Nf3 d6 3. d4 cxd4 4. Nxd4 Nf6 5. Nc3 a6 6. Be2 e5 7. Nb3 Be7 8. 0-0 Be6 9. Be3 0-0 10. Qd2 Nbd7 11. f3 b5 12. Rfd1 b4 13. Nd5 Bxd5 14. exd5 Nb6 15. Na5 Nbxd5 16. Nc6 Qc7 17. Nxe7+ Qxe7 18. Bg5 Rfd8 19. Bxf6 Nxf6 20. Qxb4 Qa7+ 21. Kh1 d5 22. Qd2 d4 23. Bd3 h6 24. Re1 Qc7 25. Qe2 Re8 26. Be4 Rab8 27. b3 a5 28. Qd2 Nxe4 29. Rxe4 Rbc8 30. Re2 Qc3 31. Rae1 f6 32. h3 Qxd2 33. Rxd2 Kf7 34. Kg1 Rc3 35. f4 g5 36. fxe5 fxe5 37. Rde2 Kf6 38. a4 Rc5 39. Rd1 Rec8 40. Rdd2 Rc3 41. Kf1 Kf5 42. Kf2 h5 43. Kf1 g4 44. hxg4+ hxg4 45. Ke1 g3 46. Kd1 R8c6 47. Re1 Rc7 48. Ree2 Kf4 49. Re1 Re3 50. Rh1 Ke4 51. Rh4+ Kd5 52. Rg4 Rf7 53. Kc1 Rf2 54. c4+ Kc5 55. Rg8 Kb4 56. Rc8 Kc3 57. Rd1 d3 58. Rd8 Rc2+ 59. Kb1 e4 60. c5 Ree2 0-1

[Event "Lazy op 13th"]
[Site "Lazy"]
[Date "2017.06.29"]
[Round "5"]
[White "Litner, Igor"]
[Black "Kukula, Karol"]
[Result "1-0"]
[WhiteElo "1949"]
[BlackElo "1769"]
[PlyCount "87"]
[EventDate "2017.06.25"]
[EventType "swiss"]
[EventRounds "9"]
[EventCountry "POL"]
[SourceTitle "EXT 2018"]
[Source "ChessBase"]
[SourceDate "2017.10.13"]
[SourceVersion "1"]
[SourceVersionDate "2017.10.13"]
[SourceQuality "1"]

1. d4 Nf6 2. Nf3 e6 3. c4 Bb4+ 4. Bd2 Qe7 5. g3 b6 6. Bg2 Bb7 7. 0-0 0-0 8. Bf4 Bd6 9. Bg5 h6 10. Bxf6 Qxf6 11. Qd3 c5 12. Nc3 Nc6 13. dxc5 Bxc5 14. Qxd7 Na5 15. Qa4 Bc6 16. Qc2 Nxc4 17. b3 Nd6 18. e4 e5 19. Nd5 Bxd5 20. exd5 Rac8 21. Qb2 Rfe8 22. Rad1 Nf5 23. Rfe1 Nd4 24. Nd2 Qe7 25. Nc4 Qf6 26. b4 Bd6 27. Nxd6 Qxd6 28. f4 Nc2 29. fxe5 Qxb4 30. Qxb4 Nxb4 31. d6 Red8 32. Bh3 Rc5 33. e6 fxe6 34. Bxe6+ Kh8 35. d7 Nc6 36. Rc1 g5 37. Rxc5 bxc5 38. Bd5 Rxd7 39. Bxc6 Rc7 40. Bd5 Kg7 41. Bc4 Rb7 42. Kf2 Rb4 43. Bb3 c4 44. Re4 1-0

[Event "POL-chT U19 2nd League"]
[Site "Iwonicz"]
[Date "2016.07.31"]
[Round "9.9"]
[White "Czernek, Tymon"]
[Black "Kukula, Karol"]
[Result "1/2-1/2"]
[WhiteElo "1867"]
[BlackElo "1550"]
[PlyCount "97"]
[EventDate "2016.07.23"]
[EventType "team-swiss"]
[EventRounds "11"]
[EventCountry "POL"]
[SourceTitle "EXT 2019"]
[Source "ChessBase"]
[SourceDate "2018.10.10"]
[SourceVersion "1"]
[SourceVersionDate "2018.10.10"]
[SourceQuality "1"]
[WhiteTeam "Warszawa UKS Czternastka U19"]
[BlackTeam "Gliwice Politechnika Slaska U19"]
[WhiteTeamCountry "POL"]
[BlackTeamCountry "POL"]

1. e4 c5 2. Nf3 e6 3. d4 cxd4 4. Nxd4 Nf6 5. Nc3 Nc6 6. Ndb5 Bb4 7. Nd6+ Ke7 8. Nxc8+ Rxc8 9. Bg5 Qa5 10. Bd2 Ne5 11. Bd3 Nc4 12. Bxc4 Rxc4 13. f3 Rhc8 14. 0-0 d5 15. a3 Qb6+ 16. Kh1 Bxc3 17. Bxc3 d4 18. Bb4+ Ke8 19. c3 dxc3 20. Bxc3 Qc6 21. Qd2 Kf8 22. Rad1 Ne8 23. Qe3 b6 24. Rd3 Qb7 25. Rfd1 R4c7 26. Qg5 f6 27. Qh5 Kg8 28. h3 Rf7 29. Qb5 Nc7 30. Rd8+ Rf8 31. Rxf8+ Rxf8 32. Qd7 Qc8 33. Qa4 Rd8 34. Rxd8+ Qxd8 35. Qxa7 Nb5 36. Qa4 Nxc3 37. bxc3 Kf7 38. Kg1 e5 39. Qb3+ Kg6 40. Qc2 Qd6 41. a4 Qc5+ 42. Kh2 Qe3 43. c4 h5 44. h4 Qe1 45. Kh3 Qh1+ 46. Kg3 Qe1+ 47. Qf2 Qb4 48. Qe2 Qxa4 49. Qd3 1/2-1/2

[Event "POL-chT U19 2nd League"]
[Site "Iwonicz"]
[Date "2016.07.31"]
[Round "7.15"]
[White "Golecki, Jan"]
[Black "Kukula, Karol"]
[Result "1-0"]
[WhiteElo "1758"]
[BlackElo "1550"]
[PlyCount "99"]
[EventDate "2016.07.23"]
[EventType "team-swiss"]
[EventRounds "11"]
[EventCountry "POL"]
[SourceTitle "EXT 2019"]
[Source "ChessBase"]
[SourceDate "2018.10.10"]
[SourceVersion "1"]
[SourceVersionDate "2018.10.10"]
[SourceQuality "1"]
[WhiteTeam "Chylice KS Laura U19 II"]
[BlackTeam "Gliwice Politechnika Slaska U19"]
[WhiteTeamCountry "POL"]
[BlackTeamCountry "POL"]

1. Nf3 c5 2. g3 d5 3. Bg2 Nc6 4. 0-0 Nf6 5. d4 e6 6. c4 dxc4 7. Qa4 Bd7 8. Qxc4 cxd4 9. Nxd4 Rc8 10. Nc3 Be7 11. Rd1 Nxd4 12. Qxd4 Bc5 13. Qd3 Qb6 14. Ne4 Bc6 15. Nxc5 Qxc5 16. Be3 Qe7 17. Bxc6+ Rxc6 18. Rac1 Rxc1 19. Rxc1 0-0 20. Bc5 Qc7 21. Qd6 Qxd6 22. Bxd6 Rd8 23. Be7 Re8 24. Bxf6 gxf6 25. Rc7 Rd8 26. Rxb7 Rd2 27. Kf1 Rd1+ 28. Kg2 a5 29. a4 Ra1 30. b3 Rb1 31. h4 Kg7 32. g4 f5 33. gxf5 exf5 34. Rb5 Kg6 35. Kf3 Rh1 36. Rxa5 Rh3+ 37. Kf4 Rxb3 38. Ra6+ f6 39. h5+ Kxh5 40. Kxf5 Rb2 41. Re6 Rb4 42. Re4 Rb6 43. Re3 Kh4 44. Re6 Rb2 45. Kxf6 Rb4 46. a5 Rf4+ 47. Kg7 Rxf2 48. Kxh7 Rf5 49. a6 Ra5 50. Kg6 1-0

[Event "POL-chT U19 2nd League"]
[Site "Iwonicz"]
[Date "2016.07.31"]
[Round "11.3"]
[White "Kukula, Karol"]
[Black "Galuszka, Tomasz"]
[Result "0-1"]
[WhiteElo "1550"]
[BlackElo "1768"]
[PlyCount "50"]
[EventDate "2016.07.23"]
[EventType "team-swiss"]
[EventRounds "11"]
[EventCountry "POL"]
[SourceTitle "EXT 2019"]
[Source "ChessBase"]
[SourceDate "2018.10.10"]
[SourceVersion "1"]
[SourceVersionDate "2018.10.10"]
[SourceQuality "1"]
[WhiteTeam "Gliwice Politechnika Slaska U19"]
[BlackTeam "Jastrzebie Zdroj Pionier U19"]
[WhiteTeamCountry "POL"]
[BlackTeamCountry "POL"]

1. e4 d5 2. exd5 Nf6 3. d4 Nxd5 4. Nf3 Bg4 5. Be2 e6 6. 0-0 Be7 7. c4 Nf6 8. Nc3 0-0 9. Be3 Nbd7 10. Qd2 c6 11. Rfd1 Nb6 12. Ne5 Bxe2 13. Qxe2 Nfd7 14. Nxd7 Nxd7 15. Rac1 Bd6 16. d5 exd5 17. cxd5 c5 18. Ne4 Bxh2+ 19. Kf1 Be5 20. Nxc5 Nxc5 21. Rxc5 Qh4 22. Qf3 Bd6 23. Rcc1 Rfe8 24. Rd4 Qh1+ 25. Ke2 Qxc1 0-1

[Event "POL-chT U19 2nd League"]
[Site "Iwonicz"]
[Date "2016.07.31"]
[Round "3.75"]
[White "Kukula, Karol"]
[Black "Poltorak, Sebastian"]
[Result "0-1"]
[WhiteElo "1550"]
[BlackElo "1707"]
[PlyCount "72"]
[EventDate "2016.07.23"]
[EventType "team-swiss"]
[EventRounds "11"]
[EventCountry "POL"]
[SourceTitle "EXT 2019"]
[Source "ChessBase"]
[SourceDate "2018.10.10"]
[SourceVersion "1"]
[SourceVersionDate "2018.10.10"]
[SourceQuality "1"]
[WhiteTeam "Gliwice Politechnika Slaska U19"]
[BlackTeam "Poznan UMKS Na Pieterku U19"]
[WhiteTeamCountry "POL"]
[BlackTeamCountry "POL"]

1. e4 c6 2. d4 d5 3. Nc3 dxe4 4. Nxe4 Bf5 5. Ng3 Bg6 6. h4 h6 7. Nf3 Nd7 8. h5 Bh7 9. Bd3 Bxd3 10. Qxd3 e6 11. Bd2 Qc7 12. 0-0-0 Ngf6 13. Qe2 Bd6 14. Ne4 Nxe4 15. Qxe4 Nf6 16. Qe2 0-0-0 17. c4 c5 18. Bc3 cxd4 19. Nxd4 a6 20. Kb1 Kb8 21. Rc1 Rc8 22. Rhd1 Rhd8 23. b3 Ka8 24. g3 Qc5 25. g4 Rd7 26. Be1 Bf4 27. b4 Qb6 28. c5 Qd8 29. Rc4 e5 30. c6 Rxd4 31. Rcxd4 exd4 32. cxb7+ Kxb7 33. Qf3+ Nd5 34. Rxd4 Rc1+ 35. Kb2 Be5 36. Qxf7+ Rc7 0-1

[Event "POL-chT U19 2nd League"]
[Site "Szczyrk"]
[Date "2014.07.30"]
[Round "8.34"]
[White "Warchol, Bartosz"]
[Black "Kukula, Karol"]
[Result "1-0"]
[WhiteElo "1510"]
[BlackElo "1299"]
[PlyCount "73"]
[EventDate "2014.07.25"]
[EventType "team-swiss"]
[EventRounds "11"]
[EventCountry "POL"]
[SourceTitle "EXT 2015"]
[Source "ChessBase"]
[SourceDate "2014.11.20"]
[SourceVersion "1"]
[SourceVersionDate "2014.11.20"]
[SourceQuality "1"]
[WhiteTeam "Krakow Wisla U19"]
[BlackTeam "Gliwice Politechnika Slaska U19"]
[WhiteTeamCountry "POL"]
[BlackTeamCountry "POL"]

1. d4 Nf6 2. c4 e6 3. Nf3 Be7 4. g3 0-0 5. Bg2 d5 6. 0-0 b6 7. Nc3 Bb7 8. Ne5 Nbd7 9. Bf4 Nxe5 10. Bxe5 Bd6 11. Bxf6 Qxf6 12. cxd5 exd5 13. Bxd5 Bxd5 14. Nxd5 Qe6 15. Nc3 Rfe8 16. Re1 Rad8 17. Qa4 a5 18. Rad1 Bb4 19. e4 Qg4 20. Qc6 Qd7 21. Qxd7 Rxd7 22. a3 Bxc3 23. bxc3 Rde7 24. e5 Re6 25. c4 Rc6 26. Rc1 Rce6 27. f4 g6 28. Red1 Rd8 29. d5 Re7 30. c5 Red7 31. d6 cxd6 32. cxd6 f6 33. Rb1 fxe5 34. fxe5 Re8 35. Rd5 Rb7 36. e6 Rxe6 37. d7 1-0